000
00277nam a2200109Ia 4500
001
1259192
005
20260417140307.0
008
260417s9999 xx 000 0 und d
020
_a
9789754739824
245
0
_a
Hz. Abdullah bin Zübeyr
_c
Ali Dadan
260
_b
Beyan Yayınları
999
_c
1259192
_d
1259192